United States Department of labor; (Record no. 36246)
[ view plain ]
| 000 -LEADER | |
|---|---|
| fixed length control field | 00687cam a22002171 4500 |
| 001 - CONTROL NUMBER | |
| control field | l 38000023 |
| 003 - CONTROL NUMBER IDENTIFIER | |
| control field | DLC |
| 005 - DATE AND TIME OF LATEST TRANSACTION | |
| control field | 20260227111536.0 |
| 008 - FIXED-LENGTH DATA ELEMENTS--GENERAL INFORMATION | |
| fixed length control field | 790227s1938 wiua f000 0 eng c |
| 010 ## - LIBRARY OF CONGRESS CONTROL NUMBER | |
| LC control number | l 38000023 |
| 035 ## - SYSTEM CONTROL NUMBER | |
| System control number | (OCoLC)4695891 |
| 040 ## - CATALOGING SOURCE | |
| Original cataloging agency | U.S. Dept. of labor |
| Transcribing agency | WHi |
| Modifying agency | WHi |
| -- | ISS |
| -- | DLC |
| 042 ## - AUTHENTICATION CODE | |
| Authentication code | premarc |
| 050 00 - LIBRARY OF CONGRESS CALL NUMBER | |
| Classification number | HD8051 |
| Item number | .A35 1938 |
| 086 0# - GOVERNMENT DOCUMENT CLASSIFICATION NUMBER | |
| Classification number | L 1.2:L 11 |
| 110 1# - MAIN ENTRY--CORPORATE NAME | |
| Corporate name or jurisdiction name as entry element | United States. |
| Subordinate unit | Department of Labor. |
| 245 10 - TITLE STATEMENT | |
| Title | United States Department of labor; |
| Remainder of title | twenty-five years of service, 1913-1938. |
| 260 ## - PUBLICATION, DISTRIBUTION, ETC. | |
| Place of publication, distribution, etc. | [Washington, |
| Name of publisher, distributor, etc. | U.S. Govt. print. off., |
| Date of publication, distribution, etc. | 1938] |
| 300 ## - PHYSICAL DESCRIPTION | |
| Extent | iii, 71 p. |
| Other physical details | illus., pl. |
| Dimensions | 23 cm. |
| 610 10 - SUBJECT ADDED ENTRY--CORPORATE NAME | |
| Corporate name or jurisdiction name as entry element | United States. |
| Subordinate unit | Department of Labor. |
No items available.